| 000 | 00566nam a2200193Ia 4500 | ||
|---|---|---|---|
| 003 | GCL | ||
| 008 | 140319s9999 xx 000 0 eng d | ||
| 020 | _a0874515726 | ||
| 040 |
_aGCL / _cGCL |
||
| 082 | 0 | 4 |
_a380.14310973 _bB C |
| 100 | 1 | _aBROEHL, WAYNE G. | |
| 245 | 1 | 0 |
_aCARGILL : _bTRADING THE WORLD'S GRAIN / _cBROEHL, WAYNE G. |
| 260 |
_aانجلترا : _bUNIVERSITY PRESS OF NEW ENGLAND ، _c1992 |
||
| 300 |
_aXX,1007 P _bILL. ؛ _c23 cm. |
||
| 650 | 0 | 4 | _aGRAIN TRADE - UNITED STATES |
| 650 | 0 | 4 | _aGRAIN TRADE |
| 650 | 0 | 4 | _aCARGILL, INC. |
| 942 |
_2ddc _cBK |
||
| 999 |
_c3056 _d3056 |
||